Statistics for Actors by Letter - A

Click here to take the quiz!

General Stats

  • This quiz has been taken 66 times
  • The average score is 12 of 20

Answer Stats

Years ActiveNationalityMovies or TV ShowsActor% Correct
1970 -The Terminator | Total RecallArnold Schwarzenegger
98%
1967 -The Godfather | Scent of a WomanAl Pacino
93%
1982 -Mr. & Mrs. Smith | Girl, InterruptedAngelina Jolie
93%
1960 -Silence of The Lambs | Remains of the DayAnthony Hopkins
87%
1999 -The Princess Diaries | The Devil Wears PradaAnne Hathaway
85%
1948 - 1989Breakfast at Tiffany's | Roman HolidayAudrey Hepburn
85%
1982 -The Mask of Zorro | DesperadoAntonio Banderas
82%
1987 -Billy Madison | Uncut GemsAdam Sandler
75%
1974 - 2016Harry Potter and the Philosopher's Stone | Die HardAlan Rickman
73%
1994 -Man of Steel | ArrivalAmy Adams
64%
2003 -The Amazing Spider-Man | Hacksaw RidgeAndrew Garfield
58%
1988 -The Pianist | King KongAdrien Brody
58%
1986 -How I Met Your Mother | American PieAlyson Hannigan
42%
1952 - 1989The Bridge on the River Kwai | Lawrence of ArabiaAlec Guinness
36%
1957 -Little Miss Sunshine | Going in StyleAlan Arkin
29%
2002 -The Danish Girl | Tomb RaiderAlicia Vikander
27%
1998 -Breaking Bad | Need For SpeedAaron Paul
27%
1941 - 1986Mogambo | The Barefoot ContessaAva Gardner
24%
1973 -Like Stars on Earth | DangalAamir Khan
9%
1969 -Kabhi Khushi Kabhie Gham... | SholayAmitabh Bachchan
7%

Score Distribution

Percentile by Number Answered

Percent of People with Each Score

Your Score History

You have not taken this quiz